000 00799nam a2200253Ia 4500
003 OSt
005 20220926034035.0
006 a|||||r|||| 00| 0
007 ta
008 220923b |||||||| |||| 00| 0 eng d
037 _cGeneral Book
040 _aRTL
_cRTL
_beng
041 _2eng
_aeng
082 _aX:931.73.N6, K7
100 _aLynch John A
_9339953
245 0 _aShould the federal government guarantee a minimum
260 _aWashington
_bAmerican enterprise institute for public policy research
_c1967
300 _a170p. Bib at the end of each chapter
_ccm.
500 _aSpecial analysis
650 _aWages
_9229845
700 _a Shrum Robert M
_9339954
942 _hX:931.73.N6, K7
_cGB
_2CC
999 _c658583
_d658583